Bangladesh (Record no. 502731)

MARC details
000 -LEADER
fixed length control field 00838nam a2200253Ia 4500
003 - CONTROL NUMBER IDENTIFIER
control field OSt
005 - DATE AND TIME OF LATEST TRANSACTION
control field 20220925182638.0
008 - FIXED-LENGTH DATA ELEMENTS--GENERAL INFORMATION
fixed length control field 220923b |||||||| |||| 00| 0 eng d
037 ## - SOURCE OF ACQUISITION
Terms of availability General Book
040 ## - CATALOGING SOURCE
Original cataloging agency RTL
Transcribing agency RTL
Language of cataloging eng
041 ## - LANGUAGE CODE
Source of code eng
Language code of text/sound track or separate title eng
100 ## - MAIN ENTRY--PERSONAL NAME
Personal name Alamgir Mohiuddin
9 (RLIN) 251681
245 #0 - TITLE STATEMENT
Title Bangladesh
Remainder of title National income and expenditure, 1949/
260 ## - PUBLICATION, DISTRIBUTION, ETC.
Place of publication, distribution, etc. Dacca
Name of publisher, distributor, etc. DIDS
Date of publication, distribution, etc. 1974
300 ## - PHYSICAL DESCRIPTION
Extent xvii,240p
Dimensions cm.
490 ## - SERIES STATEMENT
Series statement Bangladesh Institute of Development Studies, Research monograph.1
500 ## - GENERAL NOTE
General note Appendix: P 143-240
700 ## - ADDED ENTRY--PERSONAL NAME
Personal name Berlage Lodewijk J J B
9 (RLIN) 256916
942 ## - ADDED ENTRY ELEMENTS (KOHA)
Classification part X:31.44Q71.N70<--N49, Q7/L4
Koha item type General Books
Source of classification or shelving scheme Colon Classification (CC)
Holdings
Withdrawn status Lost status Damaged status Not for loan Home library Current library Date acquired Total Checkouts Full call number Barcode Date last seen Price effective from Koha item type
        Ratan Tata Library Ratan Tata Library 2022-09-25   X:31.44Q71.N70<--N49 Q7/L4 RT0412373 2022-09-25 2022-09-25 General Books
Copyright @ Delhi University Library System